00406nam a2200133Ia 450000500170000000800410001708200140005810000180007224500790009026000570016930000110022665000140023765000210025120240607053531.0240331s9999 xx 000 0 und d a6420bWEE aWeermunda,A.J 2aA study of child labour in selectedSAARC countries :bissues and challenge aDehiwala bBATU SAARC Sub Regional Secretariatc1999 a52 p., aChildren  aChildren Labour